000
00250nam a2200097Ia 4500
008
240331s9999 xx 000 0 und d
082
_b
ENV
100
_a
Bangaladesh Rural Social Science Network,. ed
245
0
_a
Environment and development
942
_c
L
999
_c
1493
_d
1493